Statistics for T-T Vocabulary Words

Click here to take the quiz!

General Stats

  • This quiz has been taken 98 times
  • The average score is 12 of 20

Answer Stats

clueword% Correct
cards for fortune-tellingtarot
94%
grilled breadtoast
92%
one of three born at one birthtriplet
92%
enables admission to an eventticket
91%
this coming eveningtonight
86%
type of horse's gaittrot
86%
cruel leadertyrant
82%
3-pronged spear on the Barbadian flagtrident
81%
species of fishtrout
73%
a straight line that touches a circletangent
63%
Asian national capitalTashkent
54%
a flooded river's flow of watertorrent
53%
thoughtful, diplomatic behaviourtact
51%
expert in poisonstoxicologist
45%
1000 gigawattsterawatt
42%
great mental sufferingtorment
41%
glorying in victorytriumphant
37%
hair styled into a ball on top of the headtopknot
36%
traitorturncoat
28%
impermanent; existing only brieflytransient
18%

Score Distribution

Percentile by Number Answered

Percent of People with Each Score

Your Score History

You have not taken this quiz